Faculty of Law Library — Cairo University

Official Online Catalog

la protection de l'enfance maltalitée : (Record no. 76655)

MARC details
000 -LEADER
fixed length control field 01466nam a2200385 i 4500
003 - CONTROL NUMBER IDENTIFIER
control field OSt
005 - أخر تعامل مع التسجيلة
control field 20260512115945.0
008 - FIXED-LENGTH DATA ELEMENTS--GENERAL INFORMATION
fixed length control field 260512s1899 fr |||f m||| 00| 0 Fre d
040 ## - CATALOGING SOURCE
Original cataloguing agency EG-GICUC
Transcribing agency EG-GICUC
Modifying agency EG-GICUC
Description conventions rda
Language of cataloging: fre
041 0# - LANGUAGE CODE
Language code of text/sound track or separate title fre
Language code of summary or abstract fre
Language code of sung or spoken text fre
049 ## - Acquisition Source
Acquisition Source Dévouement
082 04 - DEWEY DECIMAL CLASSIFICATION NUMBER
Edition number 21
Classification number 343
097 ## - Degree
Degree Doctorat
099 ## - LOCAL FREE-TEXT CALL NUMBER (OCLC)
Local Call Number Law 08 PHD 1899
100 1# - MAIN ENTRY--PERSONAL NAME
Authority record control number or standard number Gallois , Albert .
Preparation Auteur
245 10 - TITLE STATEMENT
Title la protection de l'enfance maltalitée :
Remainder of title Le châtiment du coupable les mesures protectrices de la victime /
Statement of responsibility, etc. Par Albert Gallois ; Président M. planiol.
264 #0 - PRODUCTION, PUBLICATION, DISTRIBUTION, MANUFACTURE, AND COPYRIGHT NOTICE
Place of production, publication, distribution, manufacture Paris :
Name of producer, publisher, distributor, manufacturer Université de Paris - Faculté de droit,
Date of production, publication, distribution, manufacture, or copyright notice 1899.
300 ## - PHYSICAL DESCRIPTION
Extent 248 Pages:
Dimensions 24 CM.
336 ## - CONTENT TYPE
Source rda content
Content type term Text
337 ## - MEDIA TYPE
Source rda media
Media type term unmediated
338 ## - CARRIER TYPE
Source rda carrier
Carrier type term volume
500 ## - General note
General note FR
502 ## - DISSERTATION NOTE
Dissertation note Thèse Doctorat - Université de Paris - Faculté de droit , Département de droit pénal , 1899
504 ## - BIBLIOGRAPHY, ETC. NOTE
Bibliography, etc. note Comprend des références bibliographiques.
546 ## - LANGUAGE NOTE
Text Language Texte en français
650 04 - SUBJECT ADDED ENTRY--TOPICAL TERM
Topical term or geographic name entry element Département de droit pénal
Source of heading or term qrmak
653 #0 - INDEX TERM--UNCONTROLLED
Uncontrolled term .
655 #4 - INDEX TERM--GENRE/FORM
Genre/form data or focus term Thèses universitaires
Geographic subdivision Université du Caire
General subdivision Faculté de droit
700 1# - ADDED ENTRY--PERSONAL NAME
Personal name planiol ,M.
Relator term Président
710 2# - ADDED ENTRY--CORPORATE NAME
Corporate name or jurisdiction name as entry element Université de Paris.
Subordinate unit Faculté de droit
856 ## - ELECTRONIC LOCATION AND ACCESS
Uniform Resource Identifier <a href="https://fll.law.cu.edu.eg/fulltext/th/T10-04363.pdf">https://fll.law.cu.edu.eg/fulltext/th/T10-04363.pdf</a>
900 ## - Thesis Information
Grant date 1899
Universities Université de Paris
Faculties Faculté de droit
Department Département de droit pénal
905 ## - Cataloger and Reviser Names
Cataloger Name: Dalia
942 ## - ADDED ENTRY ELEMENTS (KOHA)
Source of classification or shelving scheme Dewey Decimal Classification
Suppress in OPAC No
Koha item type Thesis
Edition 21
Holdings
Source of classification or shelving scheme Collection Home library Current library Date acquired Full call number Barcode Date last seen Effective from Koha item type
Dewey Decimal Classification القانون الجنائي جــــامعة القــاهرة مكتبة كلية الحقوق - المبنى الرئيسي 12.05.2026 Law 08 PHD 1899 1004363 C1 T10-04363 12.05.2026 12.05.2026 Thesis

© All rights reserved — Faculty of Law, Cairo University